Through the Corridors of Justice and Other Stories/ (Record no. 216393)

MARC details
000 -LEADER
fixed length control field 00555nam a22001937a 4500
005 - DATE AND TIME OF LATEST TRANSACTION
control field 20260529113853.0
010 ## - LCCN (DPL NO)
LC control number ENG-148039
020 ## - INTERNATIONAL STANDARD BOOK NUMBER
International Standard Book Number 9788184620306
Terms of availability 200.00
035 ## - SYSTEM CONTROL NUMBER
System control number EN-132171
037 ## - SOURCE OF ACQUISITION
Source of stock number/acquisition DBAD
082 ## - DEWEY DECIMAL CLASSIFICATION NUMBER
Classification number S
Edition number 1
100 ## - MAIN ENTRY--PERSONAL NAME
Personal name Javeri, Khorshed R.
245 ## - TITLE STATEMENT
Title Through the Corridors of Justice and Other Stories/
Statement of responsibility, etc Khorshed R. Javeri
250 ## - EDITION STATEMENT
Edition statement 1
260 ## - PUBLICATION, DISTRIBUTION, ETC. (IMPRINT)
Place of publication, distribution, etc Mumbai
Name of publisher, distributor, etc Imprint
Date of publication, distribution, etc 2010
270 ## - ADDRESS
Address Industry Manor, Appasaheb Marathe Marg, Prabhadevi
City Mumbai
Postal code 400025
300 ## - PHYSICAL DESCRIPTION
Extent 96p.
Dimensions 21cm(pb)
942 ## - ADDED ENTRY ELEMENTS (KOHA)
Source of classification or shelving scheme Dewey Decimal Classification
Item type English Books
Classification part S
Call number suffix JAV
Holdings
Withdrawn status Lost status Not for loan Collection code Home library Current library Date acquired Source of acquisition Cost, normal purchase price Full call number Barcode Copy number Cost, replacement price Koha item type
    Not For Loan Fiction D.B.Act.Division D.B.Act.Division 29/05/2026 Delivery of Books Act Division 200.00 S JAV EN-132171 1 200.00 English Books

© Delhi Public Library
Hit Counter
free hit counter